|
|
|
|
| LEADER |
01719nam a2200433 a 4500 |
| 001 |
EBC457703 |
| 003 |
MiAaPQ |
| 005 |
20200520144314.0 |
| 006 |
m o d | |
| 007 |
cr cn||||||||| |
| 008 |
090910s2007 nju sb 000 0 eng d |
| 010 |
|
|
|z 2007927825
|
| 020 |
|
|
|z 9780691129365 (alk. paper)
|
| 020 |
|
|
|z 9781400828005
|
| 035 |
|
|
|a (MiAaPQ)EBC457703
|
| 035 |
|
|
|a (Au-PeEL)EBL457703
|
| 035 |
|
|
|a (CaPaEBR)ebr10312535
|
| 035 |
|
|
|a (CaONFJC)MIL215746
|
| 035 |
|
|
|a (OCoLC)438707951
|
| 040 |
|
|
|a MiAaPQ
|c MiAaPQ
|d MiAaPQ
|
| 043 |
|
|
|a e-uk---
|
| 050 |
|
4 |
|a HV248
|b .L44 2007
|
| 100 |
1 |
|
|a Le Grand, Julian.
|
| 245 |
1 |
4 |
|a The other invisible hand
|h [electronic resource] :
|b delivering public services through choice and competition /
|c Julian Le Grand.
|
| 260 |
|
|
|a Princeton :
|b Princeton University Press,
|c 2007.
|
| 300 |
|
|
|a xi, 195 p. ;
|c 22 cm.
|
| 504 |
|
|
|a Includes bibliographical references (p. [183]-195).
|
| 533 |
|
|
|a Electronic reproduction. Ann Arbor, MI : ProQuest, 2015. Available via World Wide Web. Access may be limited to ProQuest affiliated libraries.
|
| 650 |
|
0 |
|a Social service
|z Great Britain
|x Finance.
|
| 650 |
|
0 |
|a Municipal services
|z Great Britain
|x Finance.
|
| 650 |
|
0 |
|a Medical care
|z Great Britain
|x Finance.
|
| 650 |
|
0 |
|a Health services administration
|z Great Britain.
|
| 650 |
|
0 |
|a Education
|z Great Britain
|x Finance.
|
| 650 |
|
0 |
|a School choice
|z Great Britain.
|
| 650 |
|
0 |
|a School management and organization
|x Economic aspects
|z Great Britain.
|
| 650 |
|
0 |
|a Privatization
|z Great Britain.
|
| 655 |
|
4 |
|a Electronic books.
|
| 710 |
2 |
|
|a ProQuest (Firm)
|
| 856 |
4 |
0 |
|u https://ebookcentral.proquest.com/lib/matrademy/detail.action?docID=457703
|z Click to View
|